000 00625nam a2200217Ia 4500
005 20240215101847.0
008 140110s9999 xx 000 0 und d
020 _a9788172735746
_cRs.700.00
040 _aLoreto College
041 _aEnglish
082 _a352.16
_bMAH
100 _aMahala,Om
245 _aUrban governance in India
_bEmerging challenges in liberalised era
_cOm Mahala
260 _aDelhi
_bAuthorspress
_c2011
300 _axi,272p
504 _aIncludes bibliographical references and index
650 _aPublic administration
651 _aUrban administration
850 _aLCLIB
942 _cBK
999 _c37627
_d88106